[Event "New Zealand Championship 2023"]
[Site "Wellington"]
[Date "2023.01.08"]
[Round "7.19"]
[White "Tanoi, T Edward"]
[Black "Wang, Justin Zhide"]
[Result "0-1"]
[WhiteElo "1993"]
[BlackElo "1875"]

1. d4 e6 2. Nf3 Nf6 3. Bg5 d5 4. e3 Be7 5. Nbd2 Nfd7 6. Bf4 c5 7. c3 Nc6 8. Ne5
Ndxe5 9. dxe5 Bg5 10. Nf3 Bxf4 11. exf4 a6 12. Bd3 h6 13. O-O Bd7 14. Qe2 Qe7
15. Nd2 O-O 16. a3 f5 17. exf6 Qxf6 18. g3 e5 19. fxe5 Nxe5 20. f4 Nxd3 21.
Qxd3 Qf5 22. Qxf5 Bxf5 23. Nf3 Be4 24. Ne5 Rad8 25. Rae1 b5 {=} 26. Kf2 Rf6 27.
Ke3 Bc2 28. Kd2 Bg6 29. g4 Be4 30. Rf2 a5 31. f5 Rb6 {=} 32. h4 b4 33. axb4
axb4 34. cxb4 Rxb4 35. Ke3 Re8 36. Kf4 g5+ 37. fxg6 Rf8+ 38. Nf7 Bxg6+ 39. Kg3
Rxf7 40. Re8+ Kg7 41. Rfe2 Rb3+ 42. Kh2 Be4 43. Re5 Rff3 44. g5 Rh3+ 45. Kg1
hxg5 46. Rxg5+ Kf6 47. Rf2+ Ke6 48. Rf8 Rh1+ 49. Kf2 Rxb2+ 50. Kg3 Rg2+ 51. Kf4
Rxh4+ 0-1

[Event "New Zealand Championship 2023"]
[Site "Wellington"]
[Date "2023.01.08"]
[Round "7.20"]
[White "Davis, Johnathan"]
[Black "Qin, Oscar Shu Xuan"]
[Result "0-1"]
[WhiteElo "1940"]
[BlackElo "1964"]

1. e4 d6 2. d4 Nf6 3. Nc3 g6 4. f4 Bg7 5. Nf3 O-O 6. Be2 c5 7. O-O Nc6 8. d5
Na5 9. Rb1 a6 10. a4 b6 11. h3 e6 12. g4 exd5 13. exd5 Re8 14. Nh2 Ne4 15. Nxe4
Rxe4 16. c3 Bd7 17. b4 Nb7 18. Bd3 Re8 19. Qc2 a5 20. b5 c4 21. Bxc4 Rc8 22.
Bb3 Rxc3 23. Qg2 Nc5 0-1

[Event "New Zealand Championship 2023"]
[Site "Wellington"]
[Date "2023.01.09"]
[Round "8.1"]
[White "Croad, Nicolas"]
[Black "Gong, Daniel Hanwen"]
[Result "1/2-1/2"]
[WhiteElo "2442"]
[BlackElo "2388"]

1. d4 {[%clk 01:30:58] [%emt 00:00:02]} 1... Nf6 {[%clk 01:30:42] [%emt
00:00:19]} 2. c4 {[%clk 01:31:16] [%emt 00:00:12]} 2... e6 {[%clk 01:31:07]
[%emt 00:00:05]} 3. Nc3 {[%clk 01:31:41] [%emt 00:00:04]} 3... Bb4 {[%clk
01:31:33] [%emt 00:00:05]} 4. Qc2 {[%clk 01:32:05] [%emt 00:00:05]} 4... O-O
{[%clk 01:31:45] [%emt 00:00:18]} 5. e4 {[%clk 01:32:29] [%emt 00:00:06]} 5...
Nc6 {[%clk 01:27:58] [%emt 00:04:17]} 6. e5 {[%clk 01:30:47] [%emt 00:02:12]}
6... Ne8 {[%clk 01:27:44] [%emt 00:00:45]} 7. Nf3 {[%clk 01:30:56] [%emt
00:00:21]} 7... d6 {[%clk 01:26:43] [%emt 00:01:31]} 8. Qe4 {[%clk 01:23:27]
[%emt 00:07:58]} 8... f5 {[%clk 01:25:23] [%emt 00:01:51]} 9. Qf4 {[%clk
01:18:45] [%emt 00:05:11]} 9... dxe5 {[%clk 01:11:57] [%emt 00:13:56]} 10. dxe5
{[%clk 01:19:01] [%emt 00:00:14]} 10... Ne7 {[%clk 01:10:34] [%emt 00:01:54]}
11. Qh4 {[%clk 01:16:30] [%emt 00:03:00]} 11... c6 {[%clk 01:09:57] [%emt
00:01:08]} 12. Bg5 {[%clk 01:10:28] [%emt 00:06:32]} 12... Bxc3+ {[%clk
00:55:57] [%emt 00:14:30]} 13. bxc3 {[%clk 01:10:41] [%emt 00:00:16]} 13... Qa5
{[%clk 00:56:20] [%emt 00:00:07]} 14. Qd4 {[%clk 01:02:14] [%emt 00:08:56]}
14... c5 {[%clk 00:56:23] [%emt 00:00:28]} 15. Qd2 {[%clk 01:01:56] [%emt
00:00:47]} 15... Nc6 {[%clk 00:56:14] [%emt 00:00:39]} 16. Rd1 {[%clk 00:59:02]
[%emt 00:03:24]} 16... Rf7 {[%clk 00:51:18] [%emt 00:05:26]} 17. h4 {[%clk
00:52:25] [%emt 00:07:07]} 17... Rd7 {[%clk 00:50:17] [%emt 00:01:32]} 18. Bd3
{[%clk 00:52:27] [%emt 00:00:27]} 18... b6 {[%clk 00:39:52] [%emt 00:10:55]}
19. O-O {[%clk 00:45:35] [%emt 00:07:21]} 19... h6 {[%clk 00:37:31] [%emt
00:02:52]} 20. Bf4 {[%clk 00:44:25] [%emt 00:01:39]} 20... Ba6 {[%clk 00:37:56]
[%emt 00:00:07]} 21. Qc2 {[%clk 00:42:38] [%emt 00:02:16]} 21... Rad8 {[%clk
00:37:17] [%emt 00:01:10]} 22. Be2 {[%clk 00:41:45] [%emt 00:01:22]} 22... b5
{[%clk 00:31:36] [%emt 00:06:11]} 23. Rxd7 {[%clk 00:39:50] [%emt 00:02:25]}
23... Rxd7 {[%clk 00:32:02] [%emt 00:00:04]} 24. Rd1 {[%clk 00:40:13] [%emt
00:00:07]} 24... Rb7 {[%clk 00:31:31] [%emt 00:01:01]} 25. cxb5 {[%clk
00:26:17] [%emt 00:14:27]} 25... Bxb5 {[%clk 00:31:51] [%emt 00:00:10]} 26. Qb3
{[%clk 00:25:08] [%emt 00:01:38]} 26... Nc7 {[%clk 00:24:19] [%emt 00:08:03]}
27. Rd6 {[%clk 00:22:22] [%emt 00:03:16]} 27... Ba6 {[%clk 00:19:10] [%emt
00:05:38]} 28. Qc2 {[%clk 00:21:57] [%emt 00:00:55]} 28... Bxe2 {[%clk
00:19:37] [%emt 00:00:04]} 29. Qxe2 {[%clk 00:22:22] [%emt 00:00:04]} 29... Qa4
{[%clk 00:19:55] [%emt 00:00:12]} 30. Qd2 {[%clk 00:18:58] [%emt 00:03:53]}
30... Rb1+ {[%clk 00:15:43] [%emt 00:04:43]} 31. Kh2 {[%clk 00:19:20] [%emt
00:00:07]} 31... Nd5 {[%clk 00:16:08] [%emt 00:00:05]} 32. Bxh6 {[%clk
00:18:10] [%emt 00:01:40]} 32... Nxe5 {[%clk 00:13:14] [%emt 00:03:24]} 33. Bg5
{[%clk 00:06:56] [%emt 00:11:44]} 33... Ng4+ {[%clk 00:08:39] [%emt 00:05:04]}
34. Kg3 {[%clk 00:07:03] [%emt 00:00:23]} 34... Ngf6 {[%clk 00:03:19] [%emt
00:05:50]} 35. Bxf6 {[%clk 00:05:53] [%emt 00:01:40]} 35... Qg4+ {[%clk
00:02:15] [%emt 00:01:35]} 36. Kh2 {[%clk 00:06:03] [%emt 00:00:20]} 36... Nf4
{[%clk 00:02:35] [%emt 00:00:09]} 37. Rd8+ {[%clk 00:03:14] [%emt 00:03:19]}
37... Kh7 {[%clk 00:03:02] [%emt 00:00:04]} 38. Rh8+ {[%clk 00:03:39] [%emt
00:00:05]} 38... Kxh8 {[%clk 00:03:28] [%emt 00:00:04]} 39. Qd8+ {[%clk
00:04:04] [%emt 00:00:04]} 39... Kh7 {[%clk 00:03:54] [%emt 00:00:03]} 40. Ng5+
{[%clk 00:33:15] [%emt 00:01:19]} 40... Kg6 {[%clk 00:34:18] [%emt 00:00:07]}
41. Qe8+ {[%clk 00:31:29] [%emt 00:02:16]} 41... Kxf6 {[%clk 00:34:42] [%emt
00:00:06]} 42. Qf8+ {[%clk 00:31:49] [%emt 00:00:09]} 1/2-1/2

[Event "New Zealand Championship 2023"]
[Site "Wellington"]
[Date "2023.01.09"]
[Round "8.2"]
[White "Moradiabadi, Elshan"]
[Black "Hague, Ben"]
[Result "1-0"]
[WhiteElo "2514"]
[BlackElo "2494"]

1. Nf3 {[%clk 01:30:58] [%emt 00:00:01]} 1... d5 {[%clk 01:30:46] [%emt
00:00:14]} 2. d4 {[%clk 01:31:24] [%emt 00:00:05]} 2... Nc6 {[%clk 01:30:53]
[%emt 00:00:22]} 3. Bf4 {[%clk 01:30:46] [%emt 00:01:07]} 3... Bg4 {[%clk
01:29:37] [%emt 00:01:47]} 4. e3 {[%clk 01:27:48] [%emt 00:03:28]} 4... e6
{[%clk 01:28:53] [%emt 00:01:13]} 5. c4 {[%clk 01:27:49] [%emt 00:00:30]} 5...
Nf6 {[%clk 01:25:23] [%emt 00:04:00]} 6. Nc3 {[%clk 01:25:51] [%emt 00:02:28]}
6... Bd6 {[%clk 01:21:04] [%emt 00:04:48]} 7. Bg5 {[%clk 01:24:59] [%emt
00:01:23]} 7... dxc4 {[%clk 01:15:28] [%emt 00:06:07]} 8. Bxc4 {[%clk 01:20:33]
[%emt 00:04:55]} 8... O-O {[%clk 01:15:08] [%emt 00:00:49]} 9. h3 {[%clk
01:20:02] [%emt 00:01:02]} 9... Bh5 {[%clk 01:10:47] [%emt 00:04:50]} 10. g4
{[%clk 01:04:23] [%emt 00:16:10]} 10... Bg6 {[%clk 01:11:06] [%emt 00:00:11]}
11. h4 {[%clk 01:00:50] [%emt 00:04:04]} 11... Bb4 {[%clk 01:00:10] [%emt
00:11:25]} 12. h5 {[%clk 00:58:52] [%emt 00:02:28]} 12... Be4 {[%clk 01:00:24]
[%emt 00:00:16]} 13. h6 {[%clk 00:59:18] [%emt 00:00:04]} 13... g6 {[%clk
00:57:16] [%emt 00:03:37]} 14. Rh3 {[%clk 00:53:56] [%emt 00:05:53]} 14... e5
{[%clk 00:44:17] [%emt 00:13:29]} 15. Kf1 {[%clk 00:48:27] [%emt 00:05:59]}
15... Bxc3 {[%clk 00:28:14] [%emt 00:16:36]} 16. bxc3 {[%clk 00:48:52] [%emt
00:00:03]} 16... Qd6 {[%clk 00:27:58] [%emt 00:00:46]} 17. Bxf6 {[%clk
00:47:19] [%emt 00:02:03]} 17... Qxf6 {[%clk 00:28:17] [%emt 00:00:11]} 18. Nd2
{[%clk 00:47:47] [%emt 00:00:02]} 18... exd4 {[%clk 00:25:11] [%emt 00:03:36]}
19. Nxe4 {[%clk 00:48:12] [%emt 00:00:05]} 19... Qe5 {[%clk 00:25:30] [%emt
00:00:11]} 20. Qf3 {[%clk 00:48:23] [%emt 00:00:19]} 20... dxc3 {[%clk
00:24:49] [%emt 00:01:10]} 21. Nf6+ {[%clk 00:47:35] [%emt 00:01:18]} 21... Kh8
{[%clk 00:25:10] [%emt 00:00:09]} 22. Nd7 {[%clk 00:48:03] [%emt 00:00:01]}
22... Qe7 {[%clk 00:24:58] [%emt 00:00:42]} 23. Nxf8 {[%clk 00:48:28] [%emt
00:00:06]} 23... Rxf8 {[%clk 00:25:25] [%emt 00:00:03]} 24. e4 {[%clk 00:48:33]
[%emt 00:00:24]} 24... f6 {[%clk 00:25:18] [%emt 00:00:47]} 25. Qxc3 {[%clk
00:48:35] [%emt 00:00:19]} 25... Qxe4 {[%clk 00:25:37] [%emt 00:00:11]} 26. Re1
{[%clk 00:48:57] [%emt 00:00:08]} 26... Qxg4 {[%clk 00:25:51] [%emt 00:00:15]}
27. Qxf6+ {[%clk 00:49:22] [%emt 00:00:05]} 27... Rxf6 {[%clk 00:26:05] [%emt
00:00:17]} 28. Re8+ {[%clk 00:49:48] [%emt 00:00:04]} 28... Rf8 {[%clk
00:26:30] [%emt 00:00:04]} 29. Rxf8# {[%clk 00:49:21] [%emt 00:00:04]} 1-0

[Event "New Zealand Championship 2023"]
[Site "Wellington"]
[Date "2023.01.09"]
[Round "8.3"]
[White "Ker, Anthony F"]
[Black "Shoker, Samy"]
[Result "0-1"]
[WhiteElo "2425"]
[BlackElo "2491"]

1. e4 {[%clk 01:30:55] [%emt 00:00:05]} 1... d6 {[%clk 01:30:54] [%emt
00:00:07]} 2. d4 {[%clk 01:31:16] [%emt 00:00:09]} 2... g6 {[%clk 01:31:19]
[%emt 00:00:03]} 3. Nc3 {[%clk 01:31:35] [%emt 00:00:11]} 3... Bg7 {[%clk
01:31:45] [%emt 00:00:04]} 4. Bg5 {[%clk 01:31:53] [%emt 00:00:12]} 4... c6
{[%clk 01:25:55] [%emt 00:06:21]} 5. Qd2 {[%clk 01:30:43] [%emt 00:01:40]} 5...
h6 {[%clk 01:23:26] [%emt 00:02:59]} 6. Be3 {[%clk 01:28:40] [%emt 00:02:32]}
6... b5 {[%clk 01:23:31] [%emt 00:00:26]} 7. Bd3 {[%clk 01:25:37] [%emt
00:03:33]} 7... Nd7 {[%clk 01:18:11] [%emt 00:05:50]} 8. Nf3 {[%clk 01:24:17]
[%emt 00:01:50]} 8... Nb6 {[%clk 01:14:18] [%emt 00:04:23]} 9. O-O {[%clk
01:17:52] [%emt 00:06:55]} 9... Bg4 {[%clk 01:10:22] [%emt 00:04:26]} 10. Ne1
{[%clk 01:14:44] [%emt 00:03:37]} 10... Nf6 {[%clk 00:54:19] [%emt 00:16:33]}
11. h3 {[%clk 01:12:14] [%emt 00:03:00]} 11... Be6 {[%clk 00:54:34] [%emt
00:00:15]} 12. b3 {[%clk 01:07:57] [%emt 00:04:47]} 12... g5 {[%clk 00:48:57]
[%emt 00:06:08]} 13. a4 {[%clk 00:57:20] [%emt 00:11:07]} 13... b4 {[%clk
00:47:53] [%emt 00:01:33]} 14. Ne2 {[%clk 00:57:39] [%emt 00:00:11]} 14... c5
{[%clk 00:46:08] [%emt 00:02:16]} 15. a5 {[%clk 00:53:00] [%emt 00:05:08]}
15... Nbd7 {[%clk 00:45:21] [%emt 00:01:17]} 16. d5 {[%clk 00:45:27] [%emt
00:08:03]} 16... Bxh3 {[%clk 00:45:10] [%emt 00:00:40]} 17. gxh3 {[%clk
00:36:14] [%emt 00:09:44]} 17... Nxe4 {[%clk 00:45:26] [%emt 00:00:13]} 18. Qc1
{[%clk 00:36:14] [%emt 00:00:31]} 18... Bxa1 {[%clk 00:45:43] [%emt 00:00:13]}
19. Qxa1 {[%clk 00:36:38] [%emt 00:00:05]} 19... Nef6 {[%clk 00:46:05] [%emt
00:00:08]} 20. Ng3 {[%clk 00:35:23] [%emt 00:01:46]} 20... Ne5 {[%clk 00:41:01]
[%emt 00:05:30]} 21. Bb5+ {[%clk 00:31:38] [%emt 00:04:19]} 21... Kf8 {[%clk
00:38:32] [%emt 00:02:59]} 22. f4 {[%clk 00:31:17] [%emt 00:00:51]} 22... Ng6
{[%clk 00:30:38] [%emt 00:08:24]} 23. fxg5 {[%clk 00:21:04] [%emt 00:10:43]}
23... hxg5 {[%clk 00:27:23] [%emt 00:03:45]} 24. Bxg5 {[%clk 00:19:36] [%emt
00:01:58]} 24... Rxh3 {[%clk 00:18:10] [%emt 00:09:43]} 25. Nf5 {[%clk
00:19:37] [%emt 00:00:30]} 25... Rh5 {[%clk 00:17:29] [%emt 00:01:09]} 26. Nf3
{[%clk 00:17:12] [%emt 00:02:57]} 26... Qc8 {[%clk 00:16:18] [%emt 00:01:41]}
27. Bd3 {[%clk 00:17:13] [%emt 00:00:29]} 27... Ne5 {[%clk 00:09:12] [%emt
00:07:36]} 28. Bxf6 {[%clk 00:16:58] [%emt 00:00:46]} 28... exf6 {[%clk
00:09:34] [%emt 00:00:07]} 29. Nxe5 {[%clk 00:17:16] [%emt 00:00:12]} 29...
fxe5 {[%clk 00:09:50] [%emt 00:00:15]} 30. Rf3 {[%clk 00:13:46] [%emt
00:03:59]} 30... Qd8 {[%clk 00:09:48] [%emt 00:00:30]} 31. Rg3 {[%clk 00:13:32]
[%emt 00:00:45]} 31... Qf6 {[%clk 00:09:05] [%emt 00:01:13]} 32. Qf1 {[%clk
00:13:48] [%emt 00:00:15]} 32... e4 {[%clk 00:08:32] [%emt 00:01:04]} 33. Bxe4
{[%clk 00:12:38] [%emt 00:01:40]} 33... Re8 {[%clk 00:08:32] [%emt 00:00:29]}
34. Bd3 {[%clk 00:10:37] [%emt 00:02:31]} 34... Qh8 {[%clk 00:04:15] [%emt
00:04:47]} 35. Qf3 {[%clk 00:08:46] [%emt 00:02:21]} 35... Rh2 {[%clk 00:02:03]
[%emt 00:02:40]} 36. Be4 {[%clk 00:05:48] [%emt 00:03:30]} 36... Rd2 {[%clk
00:01:27] [%emt 00:01:05]} 37. Nxd6 {[%clk 00:01:17] [%emt 00:05:01]} 37...
Qa1+ {[%clk 00:01:02] [%emt 00:00:54]} 38. Qf1 {[%clk 00:01:42] [%emt
00:00:06]} 38... Rd1 {[%clk 00:01:16] [%emt 00:00:16]} 39. Rf3 {[%clk 00:00:36]
[%emt 00:01:36]} 39... Rxf1+ {[%clk 00:01:20] [%emt 00:00:27]} 40. Rxf1 {[%clk
00:31:02] [%emt 00:00:03]} 40... Qd4+ {[%clk 00:31:46] [%emt 00:00:03]} 0-1

[Event "New Zealand Championship 2023"]
[Site "Wellington"]
[Date "2023.01.09"]
[Round "8.4"]
[White "Dive, Russell J"]
[Black "Rains, Edward"]
[Result "0-1"]
[WhiteElo "2350"]
[BlackElo "2180"]

1. c4 {[%clk 01:30:58]} 1... e5 {[%clk 01:30:54] [%emt 00:00:06]} 2. g3 {[%clk
01:31:22] [%emt 00:00:06]} 2... Nc6 {[%clk 01:31:14] [%emt 00:00:10]} 3. Bg2
{[%clk 01:31:28] [%emt 00:00:24]} 3... Bc5 {[%clk 01:31:09] [%emt 00:00:35]} 4.
Nc3 {[%clk 01:31:39] [%emt 00:00:20]} 4... a6 {[%clk 01:31:13] [%emt 00:00:26]}
5. e3 {[%clk 01:31:22] [%emt 00:00:47]} 5... d6 {[%clk 01:31:07] [%emt
00:00:35]} 6. Nge2 {[%clk 01:31:25] [%emt 00:00:27]} 6... Ba7 {[%clk 01:31:15]
[%emt 00:00:23]} 7. d4 {[%clk 01:31:29] [%emt 00:00:25]} 7... exd4 {[%clk
01:31:05] [%emt 00:00:39]} 8. exd4 {[%clk 01:31:52] [%emt 00:00:08]} 8... Nge7
{[%clk 01:29:54] [%emt 00:01:41]} 9. O-O {[%clk 01:25:10] [%emt 00:07:13]} 9...
O-O {[%clk 01:26:57] [%emt 00:03:26]} 10. b3 {[%clk 01:24:36] [%emt 00:01:04]}
10... Bg4 {[%clk 01:19:40] [%emt 00:07:48]} 11. f3 {[%clk 01:17:27] [%emt
00:07:39]} 11... Bd7 {[%clk 01:10:31] [%emt 00:09:38]} 12. Be3 {[%clk 01:16:31]
[%emt 00:01:26]} 12... Nf5 {[%clk 01:07:03] [%emt 00:03:59]} 13. Bf2 {[%clk
01:14:25] [%emt 00:02:35]} 13... Re8 {[%clk 01:06:01] [%emt 00:01:32]} 14. Qd2
{[%clk 01:14:49] [%emt 00:00:07]} 14... Rb8 {[%clk 00:56:08] [%emt 00:10:23]}
15. a4 {[%clk 01:12:20] [%emt 00:02:59]} 15... Na5 {[%clk 00:50:44] [%emt
00:05:54]} 16. Rab1 {[%clk 01:10:21] [%emt 00:02:28]} 16... b5 {[%clk 00:38:16]
[%emt 00:12:58]} 17. axb5 {[%clk 00:59:46] [%emt 00:11:05]} 17... axb5 {[%clk
00:37:48] [%emt 00:00:57]} 18. Ne4 {[%clk 00:50:46] [%emt 00:09:31]} 18... b4
{[%clk 00:35:22] [%emt 00:02:57]} 19. Rfe1 {[%clk 00:41:43] [%emt 00:09:32]}
19... Ne7 {[%clk 00:25:31] [%emt 00:10:20]} 20. Qg5 {[%clk 00:27:20] [%emt
00:14:53]} 20... Nf5 {[%clk 00:22:26] [%emt 00:03:38]} 21. Qf4 {[%clk 00:25:59]
[%emt 00:01:48]} 21... Nc6 {[%clk 00:18:52] [%emt 00:04:04]} 22. Qd2 {[%clk
00:19:23] [%emt 00:07:06]} 22... Nfe7 {[%clk 00:16:47] [%emt 00:02:35]} 23.
Rbd1 {[%clk 00:07:24] [%emt 00:12:29]} 23... h6 {[%clk 00:12:03] [%emt
00:05:14]} 24. Qb2 {[%clk 00:05:50] [%emt 00:02:04]} 24... Bf5 {[%clk 00:08:18]
[%emt 00:04:15]} 25. Nf4 {[%clk 00:05:41] [%emt 00:00:38]} 25... Bh7 {[%clk
00:07:11] [%emt 00:01:37]} 26. Nh5 {[%clk 00:04:00] [%emt 00:02:11]} 26... Bxe4
{[%clk 00:01:17] [%emt 00:06:25]} 27. fxe4 {[%clk 00:04:17] [%emt 00:00:13]}
27... Qd7 {[%clk 00:01:05] [%emt 00:00:43]} 28. Nf4 {[%clk 00:03:48] [%emt
00:00:58]} 28... Ng6 {[%clk 00:01:11] [%emt 00:00:25]} 29. Bh3 {[%clk 00:01:32]
[%emt 00:02:45]} 29... Qd8 {[%clk 00:01:26] [%emt 00:00:16]} 30. Nd5 {[%clk
00:01:30] [%emt 00:00:31]} 30... Nce7 {[%clk 00:01:13] [%emt 00:00:43]} 31. Ne3
{[%clk 00:01:08] [%emt 00:00:52]} 31... Ra8 {[%clk 00:01:03] [%emt 00:00:43]}
32. Bg2 {[%clk 00:01:18] [%emt 00:00:18]} 32... c6 {[%clk 00:01:10] [%emt
00:00:24]} 33. Nf5 {[%clk 00:00:41] [%emt 00:01:06]} 33... Nxf5 {[%clk
00:01:00] [%emt 00:00:40]} 34. exf5 {[%clk 00:01:09] [%emt 00:00:02]} 34... Ne7
{[%clk 00:01:19] [%emt 00:00:12]} 35. f6 {[%clk 00:01:11] [%emt 00:00:27]}
35... gxf6 {[%clk 00:01:39] [%emt 00:00:11]} 36. Qd2 {[%clk 00:01:29] [%emt
00:00:16]} 36... Kg7 {[%clk 00:01:18] [%emt 00:00:47]} 37. h4 {[%clk 00:00:36]
[%emt 00:01:23]} 37... d5 {[%clk 00:01:22] [%emt 00:00:26]} 38. Qf4 {[%clk
00:00:34] [%emt 00:00:32]} 38... Ng6 {[%clk 00:01:19] [%emt 00:00:33]} 39. Qg4
{[%clk 00:00:37] [%emt 00:00:26]} 39... Rxe1+ {[%clk 00:01:22] [%emt 00:00:27]}
40. Rxe1 {[%clk 00:30:56] [%emt 00:00:11]} 40... h5 {[%clk 00:30:36] [%emt
00:01:16]} 41. Qf5 {[%clk 00:22:02] [%emt 00:09:23]} 41... dxc4 {[%clk
00:26:39] [%emt 00:04:28]} 42. Bxc6 {[%clk 00:21:12] [%emt 00:01:20]} 42... Rb8
{[%clk 00:23:54] [%emt 00:03:15]} 43. bxc4 {[%clk 00:15:03] [%emt 00:06:40]}
43... Bxd4 {[%clk 00:21:37] [%emt 00:02:46]} 44. Bd5 {[%clk 00:15:25] [%emt
00:00:08]} 44... Bxf2+ {[%clk 00:19:51] [%emt 00:02:16]} 45. Kxf2 {[%clk
00:15:45] [%emt 00:00:09]} 45... b3 {[%clk 00:13:12] [%emt 00:07:10]} 46. Rb1
{[%clk 00:13:35] [%emt 00:02:40]} 46... Qa5 {[%clk 00:11:13] [%emt 00:02:29]}
47. Kg2 {[%clk 00:09:56] [%emt 00:04:08]} 47... Qa2+ {[%clk 00:10:14] [%emt
00:01:29]} 48. Kh3 {[%clk 00:09:58] [%emt 00:00:29]} 48... Re8 {[%clk 00:04:13]
[%emt 00:06:31]} 49. Rf1 {[%clk 00:09:25] [%emt 00:01:03]} 49... Qb2 {[%clk
00:04:07] [%emt 00:00:36]} 50. Rf2 {[%clk 00:04:05] [%emt 00:05:50]} 50... Re2
{[%clk 00:03:10] [%emt 00:01:27]} 51. Rxe2 {[%clk 00:02:52] [%emt 00:01:42]}
51... Qxe2 {[%clk 00:03:34] [%emt 00:00:06]} 52. c5 {[%clk 00:02:57] [%emt
00:00:26]} 52... b2 {[%clk 00:01:37] [%emt 00:02:27]} 53. Be4 {[%clk 00:02:07]
[%emt 00:01:20]} 53... Ne5 {[%clk 00:01:22] [%emt 00:00:45]} 54. c6 {[%clk
00:01:59] [%emt 00:00:39]} 54... Qg4+ {[%clk 00:01:21] [%emt 00:00:31]} 55. Kg2
{[%clk 00:01:42] [%emt 00:00:47]} 55... Qxf5 {[%clk 00:01:38] [%emt 00:00:13]}
56. Bxf5 {[%clk 00:02:10] [%emt 00:00:02]} 56... Nxc6 {[%clk 00:01:59] [%emt
00:00:09]} 57. Kf2 {[%clk 00:02:26] [%emt 00:00:14]} 57... Ne5 {[%clk 00:01:19]
[%emt 00:01:10]} 58. Ke2 {[%clk 00:02:17] [%emt 00:00:38]} 58... Nc4 {[%clk
00:01:34] [%emt 00:00:16]} 0-1